Las iglesias cristianas ortodoxas. (Registro nro. 437071)

Detalles MARC
000 -LÍDER
Campo fijo de descripción fija 00740nam a22002417a 4500
003 - IDENTIFICADOR DEL NÚMERO DE CONTROL
Campo de control BCEG
005 - FECHA Y HORA DE LA ULTIMA TRANSACCIÓN
control field 20260130171120.0
008 - ELEMENTOS DE LONGITUD FIJA -- INFORMACIÓN GENERAL
Campo fijo de descripción fija -- Información general 260130s2002 sp|||||| |||| 00| 0 spa d
020 ## - ISBN
Isbn 9788446025672
040 ## - FUENTE DE CATALOGACIÓN
Agencia de catalogación original BCEG
Idioma de catalogación spa
Agencia que realiza la transcripción BCEG
082 04 - NÚMERO DE CLASIFICACIÓN DECIMAL DEWEY
Número de clasificación 281.9
Clave de autor-Numero de item B614i
100 1# - ASIENTO PRINCIPAL--NOMBRE PERSONAL
Nombre del autor personal Binns, John
245 14 - TÍTULO PROPIAMENTE DICHO
Título Las iglesias cristianas ortodoxas.
260 ## - PUBLICACIÓN, DISTRIBUCIÓN, ETC. (PIE DE IMPRENTA)
Lugar de publicación, distribución, etc. Madrid :
Nombre del editor, distribuidor, etc. Akal,
Fecha de publicación, distribución, etc. 2009.
300 ## - DESCRIPCIÓN FÍSICA
Extensión 319 p.
Otros detalles físicos : fots.
490 ## - MENCIÓN DE SERIE
Mención de serie Akal Universitaria. Serie Religiones y Mitos ;
Designación numérica/secuencial del volumen 297.
504 ## - NOTA DE BIBLIOGRAFÍA, ETC.
Nota de bibliografía, etc Incluye bibliografía e índice.
534 ## - NOTA DE VERSIÓN ORIGINAL
Frase introductoria Título original :
Título original An introduction to the christian orthodox churches.
541 ## - NOTA DE FUENTE INMEDIATA DE ADQUISICIÓN
Nota de fuente de adquisición Donación.
650 14 - ASIENTO SECUNDARIO DE MATERIA - TERMINO TEMÁTICO
Término temático o nombre geográfico como elemento de entrada Iglesia ortodoxa oriental.
700 1# - ASIENTO SECUNDARIO - NOMBRE PERSONAL
Nombre personal Marrero Muñoz, Aureliano,
Función o responsabilidad del autor tr.
942 ## - TIPO DE MATERIAL (KOHA)
Tipo de Item KOHA Libro
Existencias
No para Préstamo Colección Biblioteca de Origen Biblioteca Permanente Fecha de Adquisición Fuente de Adquisicion Total de Préstamos Signatura Topográfica Código de Barras Última vez visto Tipo de Material
Material en Reserva General Biblioteca Central Estatal de Guanajuato, "Wigberto Jiménez Moreno" Biblioteca Central Estatal de Guanajuato, "Wigberto Jiménez Moreno" 30/01/2026 DONAD   281.9 B614i BCEG8655230785 30/01/2026 Libro